Envión educativo : Prácticas del Lenguaje 4 /
Guardado en:
| Autor Principal: | |
|---|---|
| Otros Autores: | , |
| Formato: | Libro |
| Idioma: | Undetermined |
| Publicado: |
Buenos Aires :
Colihue,
2022.
|
| Edición: | 1a ed. |
| Series: | Libros para aprender
|
| Materias: | |
| Etiquetas: |
Agregar Etiqueta
Sin Etiquetas, Sea el primero en etiquetar este registro!
|
| LEADER | 02753nam a22002535a 4500 | ||
|---|---|---|---|
| 001 | CEM.cems020927 | ||
| 008 | 240315s2022####ag############000#0#und#d | ||
| 005 | 20240315180503.0 | ||
| 245 | 1 | 0 | |a Envión educativo : |b Prácticas del Lenguaje 4 / |c Norberto Sánchez, Noelia Romero y Patricia Torres. |
| 250 | |a 1a ed. | ||
| 260 | |a Buenos Aires : |b Colihue, |c 2022. | ||
| 300 | |a 160 p. | ||
| 490 | 1 | |a Libros para aprender | |
| 500 | |a Edición especial para el Ministerio de Educación. | ||
| 505 | 0 | |a Cuentos con animales -- El berrinche del sapo colorinche / Silvia Schujer -- Componentes de la narración -- Separación en sílabas -- Diptongo. Reglas de acentuación -- Pelos / Ema Wolf -- Hiato -- Coplas -- Poema IX / Antonio Machado -- Paisaje / Federico García Lorca -- Bajó un pajarito rojo / Enrique Banchs -- Características y componentes del texto poético -- Recursos de la poesía: comparaciones, metáforas y enumeraciones -- El pájaro Federico / Áyax Barnes y Beatriz Doumerc -- La princesa quejosa / Oche Califa -- Caligramas -- Signos de puntuación: el punto -- Uso de mayúsculas -- El cuento popular -- Don Juan el Zorro, vida y meditaciones de un pícaro / Javier Villafañe -- El narrador -- Las oraciones -- La edad del diablo / Félix Coluccio -- Usos de la b -- Neologismos y arcaismos -- Travesías y bitácoras de lecturas -- La noticia, la carta y el correo electrónico -- Sustantivos propios y comunes -- Género y número de los sustantivos -- Oraciones bimembres. Sujeto y predicado -- Noticias radiales -- Uso de la h -- V o B -- Préstamos de lenguas de los pueblos originarios -- Leyendas -- El maíz y sus colores / Oche Califa -- Estructura de la oración bimembre -- Z y C -- El caballo fantasma / Oche Califa -- Plurales con Z -- Folclore argentino y leyendas -- La presencia de las mujeres en las historias orales -- Textos expositivos. El diccionario -- Adjetivos -- Oraciones unimembres -- Partes de una definición -- Enciclopedias on-line -- Uso de comas y dos puntos -- Palabras prestadas del inglés para el vocabulario informático -- Las historietas -- El partido / Chanti -- Música e historietas -- Parónimos -- Teatro -- Un programa con los sucesos de la semana / Adela Basch -- Componentes del sujeto y núcleo del predicado -- Un meteorito abre el apetito / Adela Basch -- El texto teatral y sus lenguajes -- Homónimos -- Conjugación de verbos regulares | |
| 020 | |a 9789876847780 | ||
| 100 | 1 | |a Sánchez, Norberto. | |
| 700 | 1 | |a Romero, Noelia. | |
| 700 | 1 | |a Torres, Patricia. | |
| 653 | |a Prácticas del Lenguaje | ||
| 653 | |a Lengua-Educación Secundaria Básica | ||
| 653 | |a Lengua y literatura | ||
| 653 | |a Lengua | ||
| 859 | |a CEMS |b BIB. CEMS - Ccias. Educacion |h 468 |i Sa551 |k CE |p 29917.24 |t Ej. 1 |3 4 | ||
